Statistiques concernant Les personnages de demon slayer ( kimetsu no yaiba)

Cliquez ici pour prendre le quiz!

Statistiques générales

  • Ce quiz a été pris 3 455 fois
  • Le résultat moyen est 20 sur 40

Statistiques - réponses

Le héros principaleTanjiro% Correct
La sœur du hérosNezuko
98%
Ami du hérosZenitsu
95%
Deuxième ami du hérosInosuke
93%
Pilier du feuRengoku
88%
Seigneur des démonsMuzan
86%
Pilier du sonTengen
80%
Pilier de l’insecteShinobu
79%
3ème lune démoniaqueAkaza
76%
Pilier de l’eauGiyu
74%
Pilier de l’amourMitsuri
70%
Pilier du serpentObanai
67%
Pilier du ventSanemi
66%
Pilier de la rocheGyomei
62%
Pilier de la brumeMuichiro
61%
Pourfendeuse et tsuguko du pilier de l’insecteKanao
59%
Démons fugitive qui aide le hérosTamayo
57%
2ème lune démoniaqueDoma
55%
Moyens de message des pourfendeursCorbeau
54%
Sœur du pilier de l’insecteKanae
52%
Pourfendeurs tsuguko du pilier de la roche et Frère du pilier du ventGenya
49%
1ère lune démoniaqueKokushibo
49%
Jeune homme à la sélection finale ancien ami du pilier de l’eauSabito
45%
14eme lune démoniaqueRui
44%
7eme lune démoniaqueEnmu
41%
Entraîneur des pourfendeurUrokodaki
41%
1er pourfendeurs de démonYoriichi
40%
Maître des piliersKagaya
38%
Mère du hérosKie
30%
Sœur du meilleur ami du pilier de l’eauMakomo
27%
Frere du pilier du feuSenjuro
27%
Amoureux de la fugitiveYushiro
27%
Forgerons des katanas des pourfendeursHaganezuka
26%
Pere du hérosTanjuro
26%
Pere du pilier du feuShinjuro
21%
Compagne du maître des piliersAmane
17%
3ème frere du hérosRokuta
17%
2ème sœur du herosHanako
14%
1er frere du hérosTakeo
14%
2ème frere du hérosShigeru
13%
Mère du pilier du feuRuka
11%

Distribution des résultats

Percentile par nombre de réponses

% des personnes avec chaque résultat

Votre développement - résultats

Vous n’avez pas pris ce quiz